ՀՀ Գիտությունների ազգային ակադեմիայի հիմնարար գիտական գրադարան  =   Fundamental Scientific Library of NAS RA

Художественное мышление Ф.М. Достоевского / (Record no. 378396)

MARC details
000 -LEADER
fixed length control field 00768nam a2200193 a 4500
001 - CONTROL NUMBER
control field 001190472
003 - CONTROL NUMBER IDENTIFIER
control field AM-YeHGA
005 - DATE AND TIME OF LATEST TRANSACTION
control field 20250617152820.0
008 - FIXED-LENGTH DATA ELEMENTS--GENERAL INFORMATION
fixed length control field 161117s1978 ru r 000 0 rus d
040 ## - CATALOGING SOURCE
Original cataloging agency AM-YeHGA
041 0# - LANGUAGE CODE
Language code of text/sound track or separate title rus
090 ## - LOCALLY ASSIGNED LC-TYPE CALL NUMBER (OCLC); LOCAL CALL NUMBER (RLIN)
-- 380310
100 1# - MAIN ENTRY--PERSONAL NAME
Personal name Щенников, Гурий Константинович
245 10 - TITLE STATEMENT
Title Художественное мышление Ф.М. Достоевского /
Statement of responsibility, etc. Г.К. Щенников.
260 ## - PUBLICATION, DISTRIBUTION, ETC.
Place of publication, distribution, etc. Свердловск :
Name of publisher, distributor, etc. Средне-Уральское кн. изд-во,
Date of publication, distribution, etc. 1978.
300 ## - PHYSICAL DESCRIPTION
Extent 174 с. :
Other physical details портр.
600 14 - SUBJECT ADDED ENTRY--PERSONAL NAME
Personal name Достоевский, Федор Михайлович
Dates associated with a name 1821-1881
653 0# - INDEX TERM--UNCONTROLLED
Uncontrolled term Русская литература - 19 в. - Реализм в литературе
Holdings
Withdrawn status Lost status Source of classification or shelving scheme Damaged status Not for loan Collection Home library Current library Date acquired Total checkouts Full call number Barcode Date last seen Price effective from Koha item type Public note
    Universal Decimal Classification     General Fundamental Scientific Library Fundamental Scientific Library 11/01/2017   PII/422258 FL0437679 11/01/2017 11/01/2017 Գրքեր / Books 30 Days Loan


ՀՀ ԳԱԱ հիմնարար գիտական գրադարան
ՀՀ,Երևան 0019
Մարշալ Բաղրամյան 24/6
հեռախոս:(374-10) 52-47-50
Հետադարձ կապ

All site content, except where otherwise noted, is licensed under a
Creative Commons License